000 00625nam a22002297a 4500
003 UA-OsUOA
001 89035
007 ta
008 20121023b un ||||| |||| 00| 0 ukr d
100 _aГордієнко-Андріанова Н.
090 _a821.161.2
_bГ68
942 _cBK
040 _aUA-OsUOA
_bukr
_cUA-OsUOA
_dUA-OsUOA
245 _aЗапалив я у серці вогонь...
300 _a310 с.
955 _a3
041 _aukr
080 _a821.161.2
260 _aК.
_bВеселка
_c1973
650 7 _a82 Література. Літературознавство
_2UDC
999 _c375319
_d375319